[Event "URS-chT Republics 16th Group1"]
[Site "Moscow"]
[Date "1983.07.16"]
[Round "2"]
[White "Kasparov, Garry"]
[Black "Tal, Mihail"]
[Result "1/2-1/2"]
[WhiteElo "2690"]
[BlackElo "2620"]
[Annotator "Nagesh,Havanur"]
[PlyCount "86"]
[EventDate "1983.07.15"]
[EventType "team-tourn"]
[EventRounds "5"]
[EventCountry "URS"]
[SourceTitle "EXT 2020"]
[Source "ChessBase"]
[SourceDate "2019.10.17"]
[SourceVersion "1"]
[SourceVersionDate "2019.10.17"]
[SourceQuality "1"]
[WhiteTeam "Azerbaijan"]
[BlackTeam "Latvia"]
[WhiteTeamCountry "AZE"]
[BlackTeamCountry "LAT"]

1. d4 Nf6 2. c4 e6 ({In his early years Tal played the King's Indian Defence
with} 2... g6 3. Nc3 Bg7 {and had great success. Decades later Kasparov
followed his example.}) ({Similarly in those days Tal played the Moden Benoni
with} 2... c5 3. d5 e6 4. Nc3 exd5 5. cxd5 d6 {followed by...g6, Bg7 and...0-0.
Subsequently it became part of Garry's arsenal as well.}) 3. Nf3 {A flexible
move that allows the "softer" Queen's Indian Defence with 3...b6 and 4...Bb7.}
({On the other hand he does not permit the strategically complex Nimzo-Indian,
} 3. Nc3 Bb4 {offering greater possibilities for Black.}) 3... d5 ({After} 3...
b6 {Garry had scored quite a few victories with the Petrosian Variation,} 4. a3
Bb7) 4. Nc3 c6 {Finally, the players have reached Semi-Slav Defence by
transposition.} 5. Bg5 {Here comes the Anti-Meran Variation.} (5. e3 Nbd7 {
leads to the tranquil waters of Meran Defence.}) 5... dxc4 {The Botvinnik
System with which the 6th World Champion scored a number of sterling victories.
It's an exquisite irony that the foremost exponent for White against this
system is the Patriarch's own disciple, Garry Kasparov.} ({In their previous
encounter at Moscow Interzonal 1982 Tal opted for} 5... h6 {(Moscow Variation)
and Garry responded with the Anti-Moscow Gambit, sacrificing the c-pawn.} 6.
Bh4 (6. Bxf6 Qxf6 {is the main line.}) 6... dxc4 {and the game was drawn in an
unclear position after Garry had sacrificed a piece.}) 6. e4 b5 7. e5 h6 8. Bh4
g5 9. Nxg5 (9. exf6 gxh4 10. Ne5 Qxf6 {does not promise much for White.}) (9.
Bg3 Nd5 {is less played, although players like Nakamura and more recently
Rogozenco have had some success with the line.}) 9... hxg5 10. Bxg5 Nbd7 11.
exf6 Bb7 ({If} 11... Nxf6 $2 12. Qf3 ({But not the other way round.} 12. Nxb5
$2 cxb5 13. Qf3 Bb4+ $19) 12... Be7 13. Nxb5 $16) 12. g3 c5 (12... Nxf6 {
is seldom played and hardly mentioned in theory books. After} 13. Bg2 ({Not} 
13. Qf3 $2 Be7 14. Bxf6 (14. Nxb5 $4 Qa5+ $1 $19) 14... Bxf6 15. Nxb5 Rb8 16.
Nd6+ Qxd6 17. Qxf6 Qb4+ 18. Kd1 Rg8 $17) 13... Be7 14. O-O {White threatens 15.
Bxb5. A possible line is} a6 15. a4 Qd7 16. Qf3 Nd5 17. Bxe7 Qxe7 18. Ne4 $16)
13. d5 Qb6 ({Now} 13... Nxf6 {can be played. After} 14. Bg2 Be7 15. O-O (15.
Nxb5 Qa5+ 16. Nc3 Nxd5 $17) 15... Nxd5 16. Bxe7 Kxe7 17. Nxb5 Qb6 18. Na3 $1 ({
If} 18. Nc3 $2 Nxc3 19. bxc3 Bxg2 20. Kxg2 Qb7+ 21. Kg1 Rxh2 $1 $19) 18... c3
$13 {the position is unclear.} ({Not} 18... Qxb2 $2 19. Rb1 Qxa3 20. Rxb7+ Kf6
21. Bxd5 exd5 22. Qxd5 $18)) 14. Bg2 O-O-O 15. O-O b4 16. Na4 Qb5 {This move
has had its share of problems and is less seen in praxis.} (16... Qa6 $1 {
is the move in vogue. The queen targets the knight on a4, guards the
vulnerable pawn on e6 and remains ready to occupy the diagonal b7-h1 in case
the bishops are exchanged.} 17. a3 Bxd5 $1 18. Bxd5 Ne5 19. axb4 Rxd5 20. Qe2
cxb4 $13) 17. a3 Nb8 $6 {A paradoxical retreat. Black intensifies the pressure
on d-file and hopes to return with the knight to c6. However, all this costs
some precious tempi.} ({After the standard} 17... exd5 18. axb4 cxb4 19. Bf4 {
has come into vogue. If} Nxf6 $2 20. Qd4 Qa6 21. h4 {followed by 22.Bh3+ gives
White the attack.}) (17... Bxd5 $2 {fails to} 18. Bxd5 Ne5 19. Bxe6+ {If the
queen had retreated to a6, this idea would not have worked.}) 18. axb4 cxb4 19.
Be3 $6 {Garry is self-critical. Here he questions his own move and instead
recommends 19. Qd4 or 19. Qg4.} ({As tournament practice has shown,} 19. Qg4 $1
{is stronger. The queen moves away from the d-file and targets e6.} Bxd5 20.
Rfc1 Nc6 21. Bxd5 Rxd5 22. Rxc4 Rxg5 23. Qe4) 19... Bxd5 20. Bxd5 Rxd5 21. Qe2
Nc6 22. Rfc1 Ne5 $1 {A daring move. He offers the a-pawn, clearing the path
for the White rook when his own king remains exposed to attack. He is taking
these appalling risks because he is preparing an attack of his own against the
White king.} ({Two years before this encounter Kasparov had scored spectacular
victories against} 22... Na5 $2 {played by Timoschenko and Dorfman.}) 23. b3 ({
Not} 23. Bxa7 $2 Kb7 $1 24. Be3 Rd3 $1 $17 {Threatening 25...Qc6 and ...Nf3+
sets problems for White. For example,} 25. f4 $2 Rxh2 26. Kxh2 Rxe3 27. Qd1 Rd3
28. Qh1+ Nf3+ 29. Kg2 Qc6 30. Rd1 Re3 $19 {If} 31. Kh3 e5 $1) 23... c3 24. Nxc3
$1 {The knight was doing nothing on a4. At least this sacrifice opens lines
against Black king.} bxc3 25. Rxc3+ Kb8 26. Qc2 {Garry spent 42 minutes before
settling for this move and much of it was to decide whether to take the a7
pawn or not.} (26. Bxa7+ Kb7 27. Qc2 (27. Qe4 Qb4 28. Qc2 Bd6 29. h4 ({Not} 29.
Ra4 $2 Nf3+ $3 30. Rxf3 (30. Kg2 Ne1+ 31. Kf1 Nxc2 32. Rxb4+ Nxb4 $19) 30...
Qe1+ 31. Kg2 Rxh2+ 32. Kxh2 Rh5+ 33. Kg2 Qh1#) 29... Ra5 30. Rxa5 Qxa5 {
and Black should win as the knight outweighs the White pawns.}) 27... Bd6 28.
b4 {transposes to the game.}) 26... Bd6 $1 {Combining attack and defence.} (
26... Nf3+ $6 {is weak.} 27. Kg2 Ne1+ (27... Rxh2+ $2 28. Kxf3 Rf5+ 29. Kg4 $1
Rf4+ $6 30. Bxf4+ $1 (30. gxf4 $4 Qh5+ 31. Kg3 Qh3#) (30. Kxf4 $4 Bd6+ 31. Kf3
Qh5+ $19)) 28. Rxe1 Bb4 29. Rc1 Bxc3 30. Qxc3 $44) 27. Bxa7+ Kb7 28. b4 $1 {
Nagesh Havanur: 'transposes to the game.'} Nc6 $6 {Threatening both 29...Nxa7
and 29...Be5 winning material. Yet it is not the strongest move according to
Garry.} (28... Bxb4 $2 29. Rc7+ Ka8 30. Bb6+ Kb8 31. Rb7+ $1 Kxb7 32. Qc7#) (
28... Qxb4 $2 29. Rb3 $18) ({The best move is} 28... Ra8 $1 29. Ra5 $8 Qd7 {
Threatening 30...Nc6!} 30. Bb6 $1 Ra6 {Forcing exchange of rooks on his terms.}
({Not} 30... Raxa5 31. bxa5 (31. Bxa5 Nc6 $17) 31... Ka6 $15) 31. Rxa6 Kxa6 32.
Bc5 Kb7 {and Black should win with careful play.}) 29. Be3 {Garry saves his
bishop and gives up his rook.} Be5 {Tal spent 32 minutes before deciding on
this move.} ({He was first inclined to play} 29... Rc8 $5 {and even wrote the
move on his scoresheet. After the game in joint analysis both players
concluded that} 30. Qh7 {is the best move here. After} ({Tal did not like the
reply} 30. f4 $5 {But this is easily met by} e5 ({He calculated} 30... Bxb4 31.
Rb1 {missing} Na7 $1 ({He only saw} 31... Bxc3 $2 32. Rxb5+ Rxb5 33. Qxc3 $18)
32. Rxc8 Nxc8 33. Rc1 Qd7 34. Rb1 Qb5)) 30... Be5 31. Qxf7+ ({Not} 31. Rxc6
Qxc6 $1 32. Qxf7+ Rc7 33. Ra7+ Kb8 {White cannot save himself against the
threats of 34...Rxf7 and 34...Rd1+ at the same time.}) 31... Rc7 32. Qe8 Rd8
33. f7 Bxc3 34. Qxd8 Nxd8 ({Or} 34... Bxa1 35. Qg8 Rd7 36. f8=Q Rd1+ 37. Kg2
Qf1+ 38. Kf3 Ne5+ 39. Kf4 Qc4+ 40. Kg5 Qg4+ {Nagesh Havanur: '='} 41. Kh6 Qh3+
42. Kg5 Qg4+ $11) 35. Ra7+ {Nagesh Havanur: '='} Kc8 36. Ra8+ Kb7 37. Ra7+ $11)
30. Rxc6 Bxa1 31. Rc7+ Kb8 32. Ba7+ ({Not} 32. Rxf7 $2 Rd7 33. Re7 Bxf6 34.
Rxe6 Bd4 $19) 32... Ka8 33. Be3 {Threatening mate with 34.Qa2+} Kb8 34. Ba7+
Ka8 {A useful repetition before time control. But now what?} 35. Bc5 Kb8 36.
Rxf7 $1 Be5 37. Ba7+ ({Garry writes, at the board he was not able to assess
the variation} 37. Re7 $1 Rhd8 (37... Bxf6 38. Bd6+ $18) 38. f7 Rd1+ 39. Kg2
Qc6+ $1 40. Kh3 Qf3 $1 41. Qh7 $8 {Stopping 41... Rh8+ and also threatening 42.
Re8 and f7-f8=Q.} Bxg3 $1 42. fxg3 R1d5 {Forcing White to find a draw with
"only" moves.} ({Or Black can play the easier move} 42... Qf1+ $11 {and draw
by perpetual check.}) 43. Rb7+ $1 {Nagesh Havanur: '='} Kc8 (43... Kxb7 $4 44.
f8=Q+ $18) 44. Rc7+ $1 Kb8 45. Rb7+ $11) 37... Ka8 38. Be3 Rd7 $1 39. Qa2+ $2 {
An error in time trouble.} (39. Rxd7 $1 Qxd7 40. f7 $1 {would have maintained
dynamic balance according to Garry. Note that} Qxf7 $4 {fails to} 41. Qe4+ Qb7
42. Qxe5 $18) 39... Kb8 40. Ba7+ $1 (40. Qxe6 $2 {fails to} Rd1+ 41. Kg2 Qf1+ (
{Garry endorses Igor Stohl's recommendation} 41... Rd6 42. Qb3 Rd3 43. Qe6 Rxe3
$1 {But after} 44. Rh7 (44. fxe3 $4 Qe2+ $19) 44... Re8 (44... Rxh7 45. Qg8+
Kb7 46. Qxh7+ Kb6 47. fxe3 Qe2+ 48. Kh3 Qf1+ 49. Kg4 Qxf6 $11 {and White
cannot escape from checks.}) 45. Re7 Rf8 46. f7 Rd3 47. Re8+ Rd8 48. Qxe5+ Qxe5
49. Rxe5 Rxf7 {matters are not so clear. Black rooks have to cope with four
White passed pawns!}) 42. Kf3 Qh1+ 43. Kg4 Qe4+ 44. Kg5 Rg8+ 45. Rg7 Bxf6+ $1
46. Kxf6 ({Or} 46. Qxf6 Rd5+ 47. Kh6 Rh8+ $19) 46... Qxe6+ 47. Kxe6 Rxg7 $19 {
Analysis by ChessBase.}) 40... Kc8 {A resourceful monarch! All along he has
saved himself with "only" moves.} 41. Qxe6 Qd5 ({Not} 41... Kd8 $2 42. Rxd7+
Qxd7 43. Qxe5 {Threatening both 44.Qb8+ and also 44.f7. Either way the rook is
lost.} Qxa7 44. f7 Qxf7 ({Or} 44... Rf8 45. Qd6+ $18) 45. Qxh8+ Kd7 46. h4 $18)
42. Qa6+ Qb7 $6 {Fatigue!} ({He could have played for a win with} 42... Kd8 $1
{But after} 43. Bb6+ Ke8 44. Rxd7 Kxd7 45. Qa7+ Ke6 46. Qe7+ Kf5 47. f7 Bg7 48.
h4 Kg6 49. b5 Qxf7 {it is not easy for Black to escape from checks, if at all.}
) 43. Qc4+ Qc7 $1 {Threatening to exchange queens or rooks and so forcing back
the White queen to a6. Draw on account of perpetual check.Times:2.35-1.30.
½-½ (43)} (43... Kd8 {also draws.But Black has to be careful.} 44. Rxd7+ Qxd7
(44... Kxd7 $4 45. Bc5 $18) 45. Bb6+ Bc7 (45... Ke8 $2 46. Qe2 $1 $18) 46. Bc5
Bd6 $11) 1/2-1/2

[Event "Chigorin Memorial"]
[Site "St Petersburg"]
[Date "1995.??.??"]
[Round "4"]
[White "Ionov, Sergey"]
[Black "Popov, Valerij"]
[Result "1/2-1/2"]
[WhiteElo "2525"]
[BlackElo "2455"]
[Annotator "Nikitin,A"]
[PlyCount "103"]
[EventDate "1995.09.??"]
[EventType "swiss"]
[EventRounds "9"]
[EventCountry "RUS"]
[SourceTitle "EXT 1997"]
[Source "ChessBase"]
[SourceDate "1996.11.15"]
[SourceVersion "1"]
[SourceVersionDate "1996.11.15"]
[SourceQuality "1"]

1. d4 Nf6 2. Nf3 d5 3. c4 c6 4. Nc3 e6 5. Bg5 dxc4 6. e4 b5 7. e5 h6 8. Bh4 g5
9. Nxg5 hxg5 10. Bxg5 Nbd7 11. exf6 Bb7 12. g3 c5 13. d5 Bh6 14. Bxh6 Rxh6 15.
Qd2 Qxf6 (15... Rxf6 16. O-O-O b4 17. Ne4 exd5 18. Nxf6+ Qxf6 19. Bxc4 Nb6 20.
Bb5+ Kf8 21. h4 $14) 16. Ne4 (16. O-O-O Kf8 17. Be2 Nb6 18. Qe3 exd5 19. Qxc5+
Kg8 20. Rd4 Rc8 21. Rg4+ Rg6 22. Qd4 Qxd4 23. Rxd4 $14 {Kharitonov,A-Yagupov,I/
Russia/1995/1-0/37/}) 16... Qf3 17. Nd6+ Ke7 18. Nxb7 Rh5 {[N]} (18... Qxh1 19.
d6+ Ke8 20. Qxh6 Qe4+ 21. Be2 Qh1+ 22. Kd2 Qxb7 23. Rd1 Qa6 24. Ke1 Qc6 25. Qh4
Qh1+ 26. Kd2 Qd5+ 27. Kc1 $18) 19. d6+ Ke8 20. Rg1 c3 (20... Re5+ 21. Be2 Qxb7
22. O-O-O $16) 21. bxc3 (21. Qxc3 Qxc3+ (21... Re5+ 22. Kd2 Qd5+ 23. Kc2 Qe4+
24. Bd3 Qxb7 25. f4 Rh5 26. h4 c4 27. Be2 b4 28. Qe3 $16) 22. bxc3 Rb8 23. Na5
Rb6 $1 $13) 21... Re5+ 22. Be2 Rxe2+ 23. Qxe2 Qxc3+ 24. Kf1 Qxa1+ 25. Kg2 Qd4
26. Rd1 (26. Qxb5 Rb8 27. Rb1 Qe4+ 28. Kg1 c4 $132) 26... Qa4 27. Qf3 $1 Rc8
28. Qh5 Qe4+ 29. Kg1 Qxb7 30. Qh8+ Nf8 31. d7+ Qxd7 32. Rxd7 Kxd7 33. Kf1 a5 (
33... Ke7 34. Qh4+ (34. h4 c4 35. Qd4 c3 36. Qb4+ Ke8 37. Qxb5+ Nd7 38. Qb7 Rc5
$1 $17) 34... Ke8 35. Qh8 Ke7 $10) 34. h4 b4 35. Ke2 a4 36. h5 Ke7 37. h6 Rd8
38. Qe5 Rc8 (38... Rd5 39. Qc7+ Nd7 40. g4 Kf6 41. Qd8+ Kg6 42. Qh8 $18) 39.
Qe4 Nd7 40. h7 Rh8 41. Qh4+ f6 (41... Nf6 42. Qg5 $16) 42. Qh5 a3 43. Kd2 b3
44. axb3 a2 45. Qh1 Kd6 $1 46. Qa1 Rxh7 47. Qxa2 Rh5 48. Qa6+ (48. g4 Rd5+ 49.
Ke2 Rd4 50. f3 e5 $10) 48... Ke7 49. Qb7 Rd5+ 50. Kc3 Rd4 $10 51. Qc7 Rb4 52.
Qc6 1/2-1/2

[Event "EU-Cup 16th"]
[Site "Neum"]
[Date "2000.09.29"]
[Round "6.2"]
[White "Georgiev, Kiril"]
[Black "Chernin, Alexander"]
[Result "1-0"]
[WhiteElo "2661"]
[BlackElo "2572"]
[Annotator "Pavlovic,M"]
[PlyCount "105"]
[EventDate "2000.09.24"]
[EventType "team-swiss"]
[EventRounds "7"]
[EventCountry "BIH"]
[SourceTitle "CBM 080"]
[Source "ChessBase"]
[SourceDate "2001.01.25"]
[SourceVersion "1"]
[SourceVersionDate "2001.01.25"]
[SourceQuality "1"]
[WhiteTeam "Sarajevo Bosna"]
[BlackTeam "Graz Merkur"]
[WhiteTeamCountry "BIH"]
[BlackTeamCountry "AUT"]

1. d4 d5 2. c4 c6 3. Nf3 Nf6 4. Nc3 e6 5. Bg5 dxc4 6. e4 b5 7. e5 h6 8. Bh4 g5
9. Nxg5 hxg5 10. Bxg5 Nbd7 11. g3 Bb7 12. Bg2 Qb6 13. exf6 c5 14. d5 O-O-O 15.
O-O b4 {Main Line of Botvinik set up.This game I choose to coment for personal
interest and because I found this game from teoretical wiew most important.}
16. Na4 ({Another critical move is} 16. Rb1) 16... Qa6 $5 {In my opinion best
move. .I was defending blacks side in many blitz games on now famous ICC. Lutz:
'In dieser Variante ist das endgültige Urteil der Theorie noch nicht geklärt.'}
({Another posibility is} 16... Qb5) (16... Qd6 {Lutz}) 17. a3 {Allready
crossroad: 17.dxe6 has been recomended many times. I think its not that strong.
} (17. dxe6 Bxg2 18. e7 Qc6 $1 $146 {My idea which I tested via internet.
Previosly played 18...Bf1 simply loses.} (18... Bxf1 19. Nxc5 $1 {Difference
beetwen Qa6 and Qb5!} Qc6 20. exd8=Q+ Kxd8 21. Qxd7+ Qxd7 22. Nxd7 Kxd7 23.
Rxf1 $18) 19. exd8=Q+ Kxd8 20. Re1 Bh1 21. f3 Bxf3 22. Qc2 Bd6 {[%cal Gc6h1,
Gd6g3]} 23. Qf5 Rh5 $132) 17... Bxd5 18. Bxd5 Ne5 19. axb4 Rxd5 20. Qe2 cxb4
21. Nc3 Ra5 {Another possibility is 21..Qc6, but my favorite is the move
played in the game.} (21... Qc6 {Lutz} 22. Nxd5 Qxd5 $44 {ist ebenfalls
spielbar.}) 22. Rxa5 Qxa5 23. Ne4 Nd3 24. Be3 {The move was played in a game
Beliavsky-Atalik. Another possiblity is 24.b3.} (24. b3 Qe5 $1 25. Qe3 (25. Qf3
Qf5 $1 $132 {[%cal Gh8h2,Gf5h3]}) (25. Rd1 Qb2 {Rogozenko-Tella Cappelle la
Grande 1998 was ok for black .}) 25... Nc5 $1 26. Nxc5 Qxc5 27. bxc4 Rh5 28. h4
Qxe3 $132 {[%csl Ga7,Gb4][%cal Ga7a5] And blacks a-b pawn are very fast.}) (24.
Rd1 Qe5 25. b3 {Transpose unless white wants to follow a game Zaharov-Ivanov.S
ST-Petersburg 2000 where white played badly 25.Rxd3.} (25. Rxd3 $2 cxd3 26.
Qxd3 Qd5 $15)) (24. Qc2 {Lutz}) 24... Kb7 $2 {'N' Lutz. In my opinion the
critical mistake. In such sharp positions only one mistake is enough to lead
you to a disaster, and this move is such a mistake. Black was trying to
improve on the above mentioned game but did not succesed. GM Atalik played 24..
.R h5.} (24... Qh5 $1 {This very strong move was shown to me a long time ago
by one of the best Semi-Slav players in the world Yugoslav GM Kosic. Before
and after that we made together some interesting analysis in this line.} 25. f3
Kb7 {And only now this move. His idea(Kosic) here was to start roling pawns
and then to sac a whole rook!.} (25... a5 26. b3 cxb3 27. g4 Qxh2+ 28. Qxh2
Rxh2 29. Kxh2 a4 {Perhaps transparent but nice idea! After that I started to
realize Botvinik line and started to make my own research on a line and it
took me around one month of tremendous work (consulting with my friend
Yugoslav master Vujacic B.) a full of ideas and exact lines of course not even
thinking that a last word has been done far from that.}) 26. b3 (26. Ra1 a5 27.
g4 Qe5 {[%csl Ge5][%cal Ge5b2,Ge5h2]}) 26... Nc5 $1 27. Ng5 Bd6 {The position
is not simple to evaluate and this is only one of many possible lines here!.})
(24... Rh5 25. Bxa7 Rd5 26. Be3 Qa2 27. Qg4 Ne5 28. Qg8 Rd8 29. Bb6 Qa8 30.
Bxd8 Qxe4 31. Qxf8 Nf3+ 32. Kh1 Nh4+ 33. f3 Qe2 34. Ba5+ Kb7 35. Qxb4+ Ka8 36.
Qf8+ Kb7 37. Qe7+ Ka6 38. Qd6+ {1-0 Beliavsky,A-Atalik,S/ Vrnjacka Banja 1999 
(38)}) 25. Ng5 $1 {[%cal Gg5f7] Lutz: 'Der Angriff gegen den Pf7 ist
überraschenderweise sehr unangenehm.'} Qd5 (25... Qf5 26. Nxf7 Rh7 27. Ra1 a5
28. Ng5 $18) (25... Qc7 {Lutz} 26. b3 $1) 26. Nxf7 Rg8 27. f4 $1 {[%csl Gf6]
Now f6 pawn plays a big (winning) role in the game.} a5 (27... Bc5 $5 {Lutz /\
...Rf8}) 28. Ne5 Nxe5 29. fxe5 Qxe5 30. f7 Rh8 31. Rf4 $18 {It is clear that
black cannot survive such pressure. Lutz: 'Weiß hat nun klaren Vorteil, da der
Pf7 ein Riese ist und der schwarze König schutzbedürftig ist.'} c3 (31... Rh7
32. Qf2 $18) (31... Bc5 {Lutz} 32. Qf3+ Kb6 33. Re4 $18) 32. bxc3 bxc3 33. Qd3
Rh5 34. Rc4 (34. Qd7+ $5 {Lutz} Qc7 35. Qxe6 c2 36. Qe4+ $16) 34... Qb5 {
Threat Qd7 must be stoped.} 35. Qxc3 Qb1+ 36. Kg2 Qa2+ 37. Kf3 Rf5+ 38. Bf4 Qa3
{Black succeded to change Qs and to stop mating attack but only to face a lost
endgame.} 39. Rc7+ Kb6 40. Rc6+ Kb5 41. Qxa3 Bxa3 42. Rxe6 Rxf7 43. Ke4 {
After demolishing blacks strong pawns on queenside + eliminating e6-pawn using
mating threats he reached a technically winning endgame which for Kiril
Georgiev doesn't pose any problem.} Bb4 44. g4 a4 45. g5 a3 46. Be5 {[%csl Ge5]
[%cal Ge5a1,Ge5h8]} Rf1 47. g6 Re1+ 48. Kf5 Rf1+ (48... a2 {Lutz} 49. g7 $18)
49. Kg4 Bf8 50. Re8 a2 51. Ra8 Re1 52. Bc3 Rg1+ 53. Kh5 (53. Kh5 {Lutz} Kc4 54.
Bf6 Rf1 55. g7 Bxg7 56. Bxg7 $18) 1-0